[Event "POL-chT 2nd League"]
[Site "Jastrzebia Gora"]
[Date "2015.09.10"]
[Round "6.71"]
[White "Matlewski, Adam"]
[Black "Szajda, Marcin"]
[Result "0-1"]
[WhiteElo "1802"]
[BlackElo "2061"]
[PlyCount "48"]
[EventDate "2015.09.05"]
[EventType "team-swiss"]
[EventRounds "9"]
[EventCountry "POL"]
[SourceTitle "EXT 2017"]
[Source "ChessBase"]
[SourceDate "2016.10.25"]
[SourceVersion "1"]
[SourceVersionDate "2016.10.25"]
[SourceQuality "1"]
[WhiteTeam "Konin UKS Smecz"]
[BlackTeam "Chroscice LZS Victoria"]
[WhiteTeamCountry "POL"]
[BlackTeamCountry "POL"]

1. d4 Nf6 2. c4 g6 3. Nc3 Bg7 4. e4 d6 5. f3 0-0 6. Be3 Nbd7 7. Qd2 e5 8. Nge2 a6 9. Bh6 Nh5 10. g4 Qh4+ 11. Kd1 Bxh6 12. Qxh6 exd4 13. Nd5 c6 14. Ndf4 Ne5 15. gxh5 Nxf3 16. Bg2 Ne5 17. Rg1 d3 18. Ng3 Nxc4 19. Nf5 Bxf5 20. exf5 Ne3+ 21. Kd2 Nxf5 22. Nxg6 Qf2+ 23. Kxd3 Nxh6 24. Raf1 Qxb2 0-1

[Event "POL-chT 2nd League"]
[Site "Jastrzebia Gora"]
[Date "2015.09.07"]
[Round "3.70"]
[White "Jozwik, Jacek"]
[Black "Szajda, Marcin"]
[Result "1-0"]
[WhiteElo "2012"]
[BlackElo "2061"]
[PlyCount "95"]
[EventDate "2015.09.05"]
[EventType "team-swiss"]
[EventRounds "9"]
[EventCountry "POL"]
[SourceTitle "EXT 2017"]
[Source "ChessBase"]
[SourceDate "2016.10.25"]
[SourceVersion "1"]
[SourceVersionDate "2016.10.25"]
[SourceQuality "1"]
[WhiteTeam "Minsk Mazowiecki MTSz"]
[BlackTeam "Chroscice LZS Victoria"]
[WhiteTeamCountry "POL"]
[BlackTeamCountry "POL"]

1. d4 Nf6 2. Nf3 g6 3. c4 Bg7 4. Nc3 d6 5. Bf4 0-0 6. e3 Nc6 7. Be2 Nd7 8. h3 e5 9. Bh2 f5 10. 0-0 Kh8 11. a3 a5 12. Rb1 h6 13. b4 axb4 14. axb4 exd4 15. exd4 b6 16. Nb5 Nf6 17. c5 Ne8 18. Qc2 Bb7 19. Rfd1 Ne7 20. Qb3 g5 21. Rbc1 Ng6 22. d5 Ba6 23. Nfd4 Bxb5 24. Bxb5 Bxd4 25. Rxd4 Qf6 26. Rdd1 bxc5 27. bxc5 Ne5 28. Bxe5 Qxe5 29. Bc6 Rd8 30. Re1 Qg7 31. Qa4 Nf6 32. Qa7 g4 33. hxg4 Nxg4 34. cxd6 Rxd6 35. Bb7 Rd7 36. Qa3 Rg8 37. Qh3 Re7 38. Rxe7 Qxe7 39. Qf3 Qh4 40. Qf4 Rg7 41. Bc8 Qf6 42. Qxf5 Qe7 43. Qf4 Nf6 44. Be6 h5 45. Qh6+ Rh7 46. Rxc7 Qd8 47. Rxh7+ Nxh7 48. Bf5 1-0

[Event "POL-chT 2nd League"]
[Site "Jastrzebia Gora"]
[Date "2015.09.06"]
[Round "2.40"]
[White "Szajda, Marcin"]
[Black "Nowak, Kamil"]
[Result "0-1"]
[WhiteElo "2061"]
[BlackElo "2133"]
[PlyCount "64"]
[EventDate "2015.09.05"]
[EventType "team-swiss"]
[EventRounds "9"]
[EventCountry "POL"]
[SourceTitle "EXT 2017"]
[Source "ChessBase"]
[SourceDate "2016.10.25"]
[SourceVersion "1"]
[SourceVersionDate "2016.10.25"]
[SourceQuality "1"]
[WhiteTeam "Chroscice LZS Victoria"]
[BlackTeam "Wroclaw MUKS MDK Fabryczna"]
[WhiteTeamCountry "POL"]
[BlackTeamCountry "POL"]

1. e4 c5 2. Nf3 d6 3. d4 cxd4 4. Nxd4 Nf6 5. Nc3 a6 6. Be2 e6 7. 0-0 Qc7 8. f4 Be7 9. Kh1 Nc6 10. Be3 0-0 11. g4 Nxd4 12. Qxd4 e5 13. Qd1 exf4 14. Bxf4 Be6 15. g5 Nd7 16. Bg4 Ne5 17. Bxe6 fxe6 18. Bxe5 dxe5 19. g6 hxg6 20. Qg4 Qc4 21. Kg2 g5 22. Ne2 Rad8 23. b3 Qc6 24. Rxf8+ Rxf8 25. Rf1 Rd8 26. Kh3 Bf6 27. Ng3 Kf7 28. Qxg5 Qxc2 29. Qxe5 Rh8+ 30. Nh5 Qd3+ 31. Kg4 Qe2+ 32. Rf3 Qxf3+ 0-1

[Event "POL-chT 2nd League"]
[Site "Szczyrk"]
[Date "2014.09.13"]
[Round "8.65"]
[White "Wozniak, Maciej"]
[Black "Szajda, Marcin"]
[Result "1/2-1/2"]
[WhiteElo "2148"]
[BlackElo "2104"]
[PlyCount "80"]
[EventDate "2014.09.06"]
[EventType "team-swiss"]
[EventRounds "9"]
[EventCountry "POL"]
[SourceTitle "EXT 2015"]
[Source "ChessBase"]
[SourceDate "2014.11.20"]
[SourceVersion "1"]
[SourceVersionDate "2014.11.20"]
[SourceQuality "1"]
[WhiteTeam "Stara Wies Parnas"]
[BlackTeam "Chroscice LZS Victoria"]
[WhiteTeamCountry "POL"]
[BlackTeamCountry "POL"]

1. e4 e5 2. d4 exd4 3. Qxd4 Nc6 4. Qe3 Nf6 5. Nc3 Bb4 6. Bd2 0-0 7. 0-0-0 Re8 8. Bc4 d6 9. Nh3 Na5 10. Be2 a6 11. Nf4 b5 12. Qg3 Nc4 13. Bxc4 bxc4 14. h4 a5 15. a3 Bc5 16. f3 c6 17. Nce2 Bb4 18. axb4 axb4 19. Bxb4 Qb6 20. Ba3 Qe3+ 21. Rd2 Rxa3 22. bxa3 c3 23. Qe1 cxd2+ 24. Qxd2 Qxa3+ 25. Kd1 Ba6 26. Qc3 Qa4 27. Rh3 d5 28. Rg3 Kh8 29. e5 Bxe2+ 30. Nxe2 Qxh4 31. exf6 Rxe2 32. fxg7+ Kg8 33. Kxe2 Qxg3 34. Qxc6 Qxg2+ 35. Ke3 Qg1+ 36. Ke2 Qg2+ 37. Ke3 Qg1+ 38. Ke2 Qg2+ 39. Ke3 Qg1+ 40. Ke2 Qg2+ 1/2-1/2

[Event "POL-chT 2nd League"]
[Site "Szczyrk"]
[Date "2014.09.12"]
[Round "7.77"]
[White "Szajda, Marcin"]
[Black "Janulek, Dawid"]
[Result "1-0"]
[WhiteElo "2104"]
[BlackElo "1936"]
[PlyCount "103"]
[EventDate "2014.09.06"]
[EventType "team-swiss"]
[EventRounds "9"]
[EventCountry "POL"]
[SourceTitle "EXT 2015"]
[Source "ChessBase"]
[SourceDate "2014.11.20"]
[SourceVersion "1"]
[SourceVersionDate "2014.11.20"]
[SourceQuality "1"]
[WhiteTeam "Chroscice LZS Victoria"]
[BlackTeam "Pszczyna PSSz"]
[WhiteTeamCountry "POL"]
[BlackTeamCountry "POL"]

1. e4 c5 2. Nf3 d6 3. d4 cxd4 4. Nxd4 Nf6 5. Nc3 a6 6. Be3 e5 7. Nb3 Be6 8. f4 exf4 9. Bxf4 Nc6 10. Qe2 Ne5 11. h3 Qc7 12. 0-0-0 Rc8 13. Nd5 Bxd5 14. exd5 Be7 15. g4 0-0 16. g5 Nfd7 17. h4 Rfe8 18. Nd4 Bf8 19. Qh2 Qa5 20. Kb1 Nb6 21. h5 Nxd5 22. g6 Ng4 23. gxf7+ Kxf7 24. Qg3 Nge3 25. Bxe3 Rxe3 26. Qf2+ Kg8 27. Nb3 Qb6 28. Qf5 Ne7 29. Qf4 d5 30. Bh3 Rc4 31. Qb8 Qc7 32. Qe8 Rxc2 33. Rhf1 Rxb2+ 34. Kxb2 Qc3+ 35. Kb1 Nf5 36. Qd7 Re2 37. Qxd5+ Kh8 38. Rd2 Rxd2 39. Nxd2 Qb4+ 40. Qb3 Ng3 41. Qxb4 Bxb4 42. Rf7 h6 43. Kc2 Nxh5 44. Rxb7 Bc5 45. Rc7 Ba3 46. Ra7 g5 47. Rxa6 Bf8 48. a4 Nf4 49. Bd7 h5 50. a5 h4 51. Rf6 Kg7 52. Rf5 1-0

[Event "POL-chT 2nd League"]
[Site "Wysowa"]
[Date "2005.09.04"]
[Round "9.89"]
[White "Ciesla, Konrad"]
[Black "Szajda, Marcin"]
[Result "0-1"]
[WhiteElo "1965"]
[BlackElo "2090"]
[PlyCount "90"]
[EventDate "2005.08.27"]
[EventType "team-swiss"]
[EventRounds "9"]
[EventCountry "POL"]
[SourceTitle "EXT 2019"]
[Source "ChessBase"]
[SourceDate "2018.10.10"]
[SourceVersion "1"]
[SourceVersionDate "2018.10.10"]
[SourceQuality "1"]
[WhiteTeam "Kielce Fart"]
[BlackTeam "Chroscice LZS Victoria"]
[WhiteTeamCountry "POL"]
[BlackTeamCountry "POL"]

1. e4 e5 2. d4 exd4 3. Qxd4 Nc6 4. Qe3 d6 5. Nc3 Nf6 6. h3 g6 7. f4 Bg7 8. Bd2 0-0 9. 0-0-0 d5 10. exd5 Nxd5 11. Qf3 Nxc3 12. Bxc3 Qe7 13. Bxg7 Kxg7 14. Qc3+ Qf6 15. Qxf6+ Kxf6 16. Bc4 Na5 17. Bd5 c6 18. Be4 Nc4 19. Nf3 Bf5 20. Bxf5 Kxf5 21. Rd4 Nb6 22. g4+ Kf6 23. Ng5 Kg7 24. Re1 Rfe8 25. Rde4 Rxe4 26. Rxe4 Rd8 27. c4 h6 28. Nf3 Rd3 29. Nd4 Rxh3 30. b3 Rh4 31. Re7 Rxg4 32. Rxb7 h5 33. Kd1 h4 34. Ke2 h3 35. Nf3 Rxf4 36. Rxa7 g5 37. Ke3 Rf6 38. Ra5 g4 39. Rg5+ Rg6 40. Rxg6+ Kxg6 41. Ne5+ Kf5 42. Nxg4 Kxg4 43. Kf2 f5 44. a4 c5 45. a5 Na8 0-1

[Event "POL-chT 2nd League"]
[Site "Polanica Zdroj"]
[Date "2004.09.04"]
[Round "1"]
[White "Sosnowska, Elzbieta"]
[Black "Szajda, Marcin"]
[Result "1-0"]
[WhiteElo "2030"]
[BlackElo "2074"]
[PlyCount "67"]
[EventDate "2004.09.04"]
[EventType "team-swiss"]
[EventRounds "11"]
[EventCountry "POL"]
[SourceTitle "CBM 102 Extra"]
[Source "ChessBase"]
[SourceDate "2004.11.03"]
[SourceVersion "1"]
[SourceVersionDate "2004.11.03"]
[SourceQuality "1"]
[WhiteTeam "Pultusk Nadnarwianka"]
[BlackTeam "Chroscice Victoria"]
[WhiteTeamCountry "POL"]
[BlackTeamCountry "POL"]

1. e4 e5 2. Nc3 Nc6 3. f4 Bb4 4. Nf3 d6 5. Bb5 Bd7 6. 0-0 Nf6 7. d3 Qe7 8. Nd5 Nxd5 9. exd5 Bc5+ 10. Kh1 Nb8 11. Bc4 Bg4 12. c3 Bb6 13. fxe5 dxe5 14. a4 a6 15. a5 Ba7 16. Qb3 Nd7 17. Ng5 Nc5 18. Qc2 f6 19. Ne4 Nxe4 20. dxe4 Qc5 21. b3 Qe7 22. b4 Bd7 23. Qe2 0-0-0 24. Ba3 Qe8 25. Rfb1 c6 26. dxc6 Bxc6 27. b5 axb5 28. Bxb5 Qd7 29. a6 bxa6 30. Bxa6+ Kc7 31. Qc4 Bb6 32. Bc5 Bxc5 33. Qxc5 Rb8 34. Qa5+ 1-0